Địa chí văn hóa thành phố Hồ Chí Minh
Giới thiệu Văn học - Báo Chí - Giáo dục
Zapisane w:
| 1. autor: | |
|---|---|
| Format: | Książka |
| Język: | Undetermined |
| Wydane: |
Thành phố Hồ Chí Minh
Nhà xuất bản Thành phố Hồ Chí Minh
1998
|
| Hasła przedmiotowe: | |
| Etykiety: |
Dodaj etykietę
Nie ma etykietki, Dołącz pierwszą etykiete!
|
| Thư viện lưu trữ: | Trung tâm Học liệu Trường Đại học Cần Thơ |
|---|
| LEADER | 00789nam a2200205Ia 4500 | ||
|---|---|---|---|
| 001 | CTU_31123 | ||
| 008 | 210402s9999 xx 000 0 und d | ||
| 020 | |c 165000 | ||
| 082 | |a 915.9597 | ||
| 082 | |b Gi111/T.2 | ||
| 100 | |a Trần, Văn Giàu | ||
| 245 | 0 | |a Địa chí văn hóa thành phố Hồ Chí Minh | |
| 245 | 0 | |c Trần Văn Giàu, Trần Bạch Đằng chủ biên ... [et al.] | |
| 260 | |a Thành phố Hồ Chí Minh | ||
| 260 | |b Nhà xuất bản Thành phố Hồ Chí Minh | ||
| 260 | |c 1998 | ||
| 520 | |a Giới thiệu Văn học - Báo Chí - Giáo dục | ||
| 650 | |a Culture,Vietnam,Vietnam,Vietnam | ||
| 650 | |x Civilization,Description and travel,History | ||
| 980 | |a Trung tâm Học liệu Trường Đại học Cần Thơ | ||